[Event "FB22 1920 Schachclub Steinfurt 1996 - S"]
[Site "?"]
[Date "2019.09.15"]
[Round "2.4"]
[White "Moeller, Hannah"]
[Black "Flach, Helene"]
[Result "0-1"]
[WhiteElo "1859"]
[BlackElo "1751"]
[PlyCount "82"]
[EventDate "2019.??.??"]

1. Nf3 d5 2. g3 Nf6 3. Bg2 e6 4. d4 Be7 5. O-O O-O 6. c4 c6 7. Nc3 Nbd7 8. c5
b6 9. b4 a5 10. Qa4 Bb7 11. b5 cxb5 12. Qxb5 Ba6 13. Qb2 bxc5 14. dxc5 Rb8 15.
Qc2 Nxc5 16. Rd1 Bd6 17. Ba3 Qe7 18. Nd4 Rfc8 19. Qd2 Nb7 20. Bxd6 Nxd6 21. Nb3
Nc4 22. Qd4 Rb4 23. Rdc1 a4 24. Nd2 Nb6 25. Qe5 Nbd7 26. Qg5 h6 27. Qe3 d4 28.
Qf3 dxc3 29. Rxc3 Rxc3 30. Qxc3 Qc5 31. Qa3 Qd6 32. Qc3 Bxe2 33. Re1 Ba6 34. a3
Rd4 35. Ne4 Nxe4 36. Bxe4 Rd1 37. Kg2 Rxe1 38. Qxe1 Nc5 39. Bf3 Bb7 40. Qc3
Bxf3+ 41. Qxf3 Qd5 0-1

[Event "FB22 1920 Schachclub Steinfurt 1996 - S"]
[Site "?"]
[Date "2019.09.15"]
[Round "2.5"]
[White "Buchholz, Maja"]
[Black "Veldhuis, Karina"]
[Result "0-1"]
[WhiteElo "1711"]
[BlackElo "1821"]
[PlyCount "132"]
[EventDate "2019.??.??"]

1. c4 e5 2. g3 Nf6 3. Bg2 c6 4. Nc3 d6 5. d3 Be7 6. Nf3 O-O 7. O-O h6 8. Rb1
Be6 9. b4 Nbd7 10. a4 d5 11. cxd5 Nxd5 12. Nxd5 cxd5 13. Qd2 Bf6 14. Bb2 Rc8
15. Qe3 d4 16. Qd2 Nb6 17. Ra1 Bb3 18. a5 Na4 19. Bc1 Rc2 20. Qe1 Nc3 21. Bd2
Qd6 22. Bxc3 dxc3 23. b5 Rc8 24. Qb1 Rb2 25. Qe1 Qc5 26. Rb1 Rxb1 27. Qxb1 Qxb5
28. Rc1 Ba4 29. Qxb5 Bxb5 30. Ne1 b6 31. Bb7 Rc7 32. a6 Be7 33. Nc2 Ba4 34. Kf1
b5 35. d4 Bxc2 36. Rxc2 exd4 37. Ke1 b4 38. Bd5 Rc5 39. Bb3 Bg5 40. f4 Be7 41.
Ra2 g5 42. fxg5 hxg5 43. g4 Bd6 44. h3 Kf8 45. Kf2 f5 46. Kf3 f4 47. Ke4 Be5
48. Kf3 Ke7 49. Bc2 Kd6 50. Bb3 Kc6 51. Ke4 Bf6 52. Kd3 Kb6 53. Bc4 Re5 54. Kc2
Re3 55. Bd3 Rxh3 56. Kb3 Be7 57. Rc2 Rg3 58. Bf5 Kxa6 59. Kc4 f3 60. exf3 Rxf3
61. Rc1 Kb6 62. Kxd4 b3 63. Kc4 c2 64. Re1 a5 65. Bd3 Re3 66. Rc1 Ba3 0-1

[Event "FB22 1920 Hamburger SK II - Lübecker S"]
[Site "?"]
[Date "2019.09.15"]
[Round "2.1"]
[White "Kopylov, Luba"]
[Black "Scognamiglio, Stefanie"]
[Result "0-1"]
[WhiteElo "2018"]
[BlackElo "2070"]
[PlyCount "84"]
[EventDate "2019.??.??"]

1. d4 Nf6 2. c4 c5 3. d5 e6 4. Nc3 exd5 5. cxd5 d6 6. e4 g6 7. Nf3 Bg4 8. Qa4+
Bd7 9. Qb3 Qc7 10. h3 Bg7 11. Bf4 O-O 12. Bd3 a6 13. a4 Re8 14. Nd2 Nh5 15. Bh2
Be5 16. Bxe5 dxe5 17. Nc4 Nf4 18. Bf1 Bc8 19. g3 Nh5 20. d6 Qc6 21. Nd5 Be6 22.
Bg2 b5 23. axb5 axb5 24. Rxa8 Qxa8 25. Qxb5 Nd7 26. Ncb6 Nxb6 27. Nc7 Qa1+ 28.
Kd2 Nc4+ 29. Kc2 Na3+ 30. bxa3 Qa2+ 31. Qb2 Qc4+ 32. Qc3 Qa2+ 33. Kd3 Qxf2 34.
Nxe8 c4+ 35. Qxc4 Qxg3+ 36. Kd2 Bxc4 37. Bf1 Qf2+ 38. Kc3 Bxf1 39. Rxf1 Qxf1
40. Kb4 Kf8 41. Nc7 Nf6 42. a4 Nxe4 0-1

[Event "FB22 1920 Hamburger SK II - Lübecker S"]
[Site "?"]
[Date "2019.09.15"]
[Round "2.2"]
[White "Einacker, Silke"]
[Black "Braeutigam, Irina"]
[Result "0-1"]
[WhiteElo "1986"]
[BlackElo "2054"]
[PlyCount "76"]
[EventDate "2019.??.??"]

1. e4 c6 2. d4 d5 3. exd5 cxd5 4. Bd3 Nc6 5. c3 Qc7 6. Ne2 Bg4 7. f3 Bd7 8. Bf4
Qb6 9. Qb3 Qxb3 10. axb3 f6 11. O-O e5 12. dxe5 Bc5+ 13. Kh1 Nxe5 14. Bxe5 fxe5
15. b4 Bb6 16. Ng3 Nh6 17. Re1 Bc7 18. Na3 O-O 19. Nb5 Bb8 20. Rad1 a6 21. Na3
e4 22. Bxe4 dxe4 23. Rxd7 Bxg3 24. hxg3 exf3 25. gxf3 Rxf3 26. Rxb7 Rxg3 27.
Rbe7 Ng4 28. Re8+ Rxe8 29. Rxe8+ Kf7 30. Re2 h5 31. Rg2 Rh3+ 32. Kg1 Rd3 33.
Re2 h4 34. Nc4 Kf6 35. Nd2 h3 36. Nf1 Rd1 37. Rd2 h2+ 38. Kg2 Rxf1 0-1

[Event "FB22 1920 Hamburger SK II - Lübecker S"]
[Site "?"]
[Date "2019.09.15"]
[Round "2.3"]
[White "Glinzner, Alva"]
[Black "Wulf, Constanze"]
[Result "0-1"]
[WhiteElo "1916"]
[BlackElo "1741"]
[PlyCount "198"]
[EventDate "2019.??.??"]

1. e4 c5 2. Nf3 d6 3. Bb5+ Nd7 4. O-O a6 5. Bxd7+ Bxd7 6. c3 Nf6 7. Re1 Bc6 8.
e5 dxe5 9. Nxe5 Qd5 10. Nxc6 Qxc6 11. d4 e6 12. Be3 Rd8 13. Nd2 Be7 14. Qe2 O-O
15. Nb3 cxd4 16. Nxd4 Qa4 17. Bg5 h6 18. Bh4 Rfe8 19. Qf3 Nd5 20. Bg3 Bf6 21.
Be5 Bxe5 22. Rxe5 Qc4 23. Re4 Nf6 24. Rh4 e5 25. Nf5 Qd3 26. Ne3 e4 27. Qg3 Qd6
28. f4 exf3 29. Qxf3 Qd3 30. Re1 Re6 31. Rf4 Rde8 32. Rd4 Qb5 33. Rd2 Qc5 34.
Rd4 Qg5 35. Rf4 Qa5 36. a3 Qb5 37. Rb4 Qc5 38. Rd4 Qe7 39. Rd3 Re4 40. h3 Qe6
41. Kf2 Qe5 42. Kg1 Qb5 43. Qe2 Nh5 44. Qd2 Nf4 45. Rd4 Qg5 46. Rxe4 Rxe4 47.
Kf1 Nh5 48. Qd3 Ng3+ 49. Kg1 Qf4 50. Qd8+ Kh7 51. Qd3 Nf5 52. Nc2 Rxe1+ 53.
Nxe1 Qe3+ 54. Qxe3 Nxe3 55. Kf2 Nc4 56. Nd3 Kg6 57. Kf3 Kf5 58. Ke2 h5 59. a4
g5 60. b3 Nd6 61. c4 Ke4 62. a5 Kd4 63. Kd2 Ne4+ 64. Ke2 h4 65. b4 Kxc4 66.
Ne5+ Kxb4 67. Nxf7 Kxa5 68. Ke3 Nf6 69. Nxg5 Kb4 70. Nf3 a5 71. Nxh4 a4 72. Nf5
Kc3 73. Nd6 Nd5+ 74. Ke2 Nc7 75. Ne4+ Kc2 76. Nc5 a3 77. Nd3 Nd5 78. Ne1+ Kc3
79. Kd1 a2 80. Nc2 Nb4 81. Na1 Kb2 82. g4 Kxa1 83. Kc1 Nd3+ 84. Kc2 b5 85. g5
b4 86. g6 b3+ 87. Kd2 b2 88. g7 b1=Q 89. g8=Q Ne5 90. Qd5 Qb2+ 91. Ke3 Kb1 92.
Qe4+ Kc1 93. Qh1+ Kc2 94. Qe4+ Kb3 95. Qb7+ Kc3 96. Qg7 Qd2+ 97. Ke4 Qd4+ 98.
Kf5 a1=Q 99. Qc7+ Kd3 0-1

[Event "FB22 1920 Hamburger SK II - Lübecker S"]
[Site "?"]
[Date "2019.09.15"]
[Round "2.4"]
[White "Bildat, Emilia"]
[Black "Mundt, Alexandra"]
[Result "1/2-1/2"]
[WhiteElo "1736"]
[BlackElo "1756"]
[PlyCount "87"]
[EventDate "2019.??.??"]

1. c4 e5 2. g3 c6 3. Bg2 Nf6 4. d4 e4 5. Nc3 d5 6. cxd5 cxd5 7. Bg5 Be7 8. Nh3
Nbd7 9. Nf4 Nb6 10. Qb3 Be6 11. O-O h6 12. Nxe6 fxe6 13. Bf4 Bd6 14. Qb5+ Kf7
15. Bxd6 Qxd6 16. a4 Qe7 17. b3 Rhc8 18. Rac1 Kg8 19. e3 Rc7 20. Bh3 Nh7 21. a5
Nc8 22. Nxd5 exd5 23. Qxd5+ Kh8 24. Rxc7 Qxc7 25. Qxe4 Nd6 26. Qd5 Ng5 27. Bg2
Rd8 28. Qc5 Qf7 29. Qxa7 Nf3+ 30. Bxf3 Qxf3 31. Qc5 Nf7 32. Qc7 Rf8 33. Qf4 Qd5
34. b4 Qb3 35. Rc1 Qxb4 36. Rc5 Kg8 37. Qc7 Ng5 38. Rc3 Qb1+ 39. Rc1 Qe4 40. h4
Nf3+ 41. Kf1 Nh2+ 42. Ke1 Nf3+ 43. Ke2 Nxd4+ 44. Ke1 1/2-1/2

[Event "FB22 1920 Delmenhorster SK - SK Doppelb"]
[Site "?"]
[Date "2019.09.15"]
[Round "2.1"]
[White "Rath, Alina"]
[Black "Brunner, Sophia"]
[Result "1-0"]
[WhiteElo "2042"]
[BlackElo "1968"]
[PlyCount "112"]
[EventDate "2019.??.??"]

1. c4 Nf6 2. Nc3 c5 3. g3 d5 4. cxd5 Nxd5 5. Bg2 Nc7 6. Qb3 Nc6 7. Bxc6+ bxc6
8. Nf3 f6 9. d3 e5 10. Be3 Nd5 11. Rc1 Nxe3 12. fxe3 Qb6 13. Nd2 Bd7 14. Na4
Qa5 15. Qc4 Rb8 16. b3 Rb4 17. Qc3 c4 18. dxc4 Rxa4 19. bxa4 Bb4 20. Qb2 O-O
21. a3 Bc5 22. Kf2 Qxa4 23. Qb3 Qxa3 24. Ra1 Qb4 25. Qd3 Bf5 26. Qxf5 Qxd2 27.
Qe4 Rb8 28. Rhd1 Qc3 29. Rab1 Rxb1 30. Rxb1 Bb6 31. Rd1 Qa3 32. Rd3 Qc5 33. Qg4
f5 34. Qxf5 Qf8 35. Qxf8+ Kxf8 36. Kf3 Ke7 37. Ke4 Ke6 38. Rd1 h6 39. g4 g6 40.
h3 g5 41. Rf1 Bc5 42. Rf5 Bd6 43. c5 Bxc5 44. Rxe5+ Kd6 45. Re8 Kd7 46. Rh8 a5
47. Ra8 Bb4 48. Kd4 Ke7 49. e4 Ke6 50. Ra6 Kd7 51. e5 Kc7 52. Ra7+ Kb6 53. Rh7
Kb5 54. e6 c5+ 55. Kd5 c4 56. e7 Bxe7 1-0

[Event "FB22 1920 Delmenhorster SK - SK Doppelb"]
[Site "?"]
[Date "2019.09.15"]
[Round "2.2"]
[White "Wollscheid, Stefanie"]
[Black "Gressmann, Hanna"]
[Result "0-1"]
[WhiteElo "1690"]
[BlackElo "1844"]
[PlyCount "44"]
[EventDate "2019.??.??"]

1. e4 d6 2. Nf3 Nf6 3. Nc3 Nbd7 4. Bc4 h6 5. O-O c6 6. d4 b5 7. Bd3 e5 8. dxe5
dxe5 9. Be3 Ng4 10. Qe2 Nxe3 11. Qxe3 Bc5 12. Qd2 O-O 13. Ne2 Bb6 14. c3 Qf6
15. b4 Rd8 16. Qb2 Nf8 17. Bb1 Bg4 18. Ne1 Qg5 19. Ng3 Rd2 20. Bc2 Rad8 21. Nf3
Bxf3 22. gxf3 Ng6 0-1

[Event "FB22 1920 Delmenhorster SK - SK Doppelb"]
[Site "?"]
[Date "2019.09.15"]
[Round "2.3"]
[White "Hielscher, Ursula"]
[Black "Kohls, Vera"]
[Result "1-0"]
[WhiteElo "1804"]
[BlackElo "1725"]
[PlyCount "81"]
[EventDate "2019.??.??"]

1. d4 e6 2. c4 b6 3. Nc3 Bb4 4. Nf3 Bb7 5. Bg5 Nf6 6. e3 O-O 7. Be2 Bxc3+ 8.
bxc3 d6 9. O-O h6 10. Bh4 Nbd7 11. a4 a5 12. Nd2 Qc8 13. f3 Nh7 14. e4 f5 15.
d5 e5 16. exf5 Rxf5 17. Bd3 Rf8 18. Qc2 Nhf6 19. Bf5 c6 20. Be6+ Kh8 21. Bxf6
Rxf6 22. Ne4 cxd5 23. Nxf6 Qc5+ 24. Kh1 Nxf6 25. cxd5 Bxd5 26. Bxd5 Nxd5 27.
Qe4 Rc8 28. c4 Nf6 29. Qb1 Re8 30. Qb5 Qc7 31. Rab1 Rb8 32. Rfd1 e4 33. Rb3
exf3 34. gxf3 Qe7 35. Rbd3 Qb7 36. Re3 Ng4 37. Re8+ Kh7 38. Qf5+ g6 39. Rxb8
gxf5 40. Rxb7+ Kg6 41. fxg4 1-0

[Event "FB22 1920 Delmenhorster SK - SK Doppelb"]
[Site "?"]
[Date "2019.09.15"]
[Round "2.4"]
[White "Sinnhoefer, Lilian"]
[Black "Rempe, Janne"]
[Result "0-1"]
[WhiteElo "1442"]
[BlackElo "1677"]
[PlyCount "82"]
[EventDate "2019.??.??"]

1. e4 d6 2. d4 Nf6 3. Nc3 Nbd7 4. Be3 e5 5. Nge2 c6 6. f3 Be7 7. Qd2 O-O 8.
O-O-O b5 9. g4 b4 10. Nb1 Nb6 11. Ng3 Nfd7 12. Nf5 exd4 13. Nxe7+ Qxe7 14. Qxd4
d5 15. exd5 cxd5 16. Bd2 a5 17. h4 Bb7 18. h5 f6 19. h6 g6 20. Bd3 Rfc8 21. c3
bxc3 22. Nxc3 Nc5 23. Bc2 Qc7 24. Bf4 Qc6 25. Be3 Nca4 26. Kb1 Nxc3+ 27. bxc3
Qb5+ 28. Ka1 Nc4 29. Rb1 Qc6 30. Rhe1 Na3 31. Rb2 Qxc3 32. Qxc3 Rxc3 33. Bb1
Ba6 34. Rb3 Nc2+ 35. Bxc2 Rxc2 36. Kb1 Rc6 37. Bb6 a4 38. Rb4 a3 39. Bf2 Rac8
40. Rb3 Rc3 41. Bd4 Bd3+ 0-1

[Event "FB22 1920 Delmenhorster SK - SK Doppelb"]
[Site "?"]
[Date "2019.09.15"]
[Round "2.5"]
[White "Rommeck, Christiane"]
[Black "Wenke, Andrea"]
[Result "1-0"]
[WhiteElo "1558"]
[BlackElo "1720"]
[PlyCount "117"]
[EventDate "2019.??.??"]

1. e4 e5 2. Nf3 Nc6 3. d4 exd4 4. Nxd4 Bc5 5. Be3 Qf6 6. c3 Bb6 7. Bc4 Ne5 8.
Bb3 d6 9. Nd2 Qh4 10. Qc2 Ng4 11. g3 Nxe3 12. fxe3 Qh6 13. Nc4 Bg4 14. Qf2 Nf6
15. e5 dxe5 16. Nxe5 O-O 17. Nxg4 Nxg4 18. Qf4 Bxd4 19. Qxh6 Bxc3+ 20. bxc3
Nxh6 21. O-O Rad8 22. Rf4 g6 23. e4 Kg7 24. e5 Rd3 25. Raf1 Re3 26. e6 f5 27.
Rd4 Kf6 28. Rd7 Rxc3 29. Re1 Rxb3 30. axb3 Re8 31. Rxh7 Ng8 32. Rf7+ Kg5 33.
Rxc7 Re7 34. Rxe7 Nxe7 35. Rd1 Kf6 36. Rd7 Kxe6 37. Rxb7 a5 38. Kf2 g5 39. Ke3
Nc6 40. Rg7 Kf6 41. Rc7 Ne5 42. Kd4 Nf3+ 43. Kd5 Nxh2 44. Rc6+ Kf7 45. Ke5 Nf1
46. Kxf5 Nxg3+ 47. Kxg5 Ne2 48. Rc4 Ng3 49. Ra4 Ne2 50. Rxa5 Nd4 51. b4 Nc6 52.
Rf5+ Ke8 53. b5 Nb8 54. Kf6 Kd7 55. Rd5+ Kc7 56. Ke5 Kb6 57. Kd4 Kc7 58. Kc5
Kb7 59. Rd8 1-0

[Event "FB22 1920 Delmenhorster SK - SK Doppelb"]
[Site "?"]
[Date "2019.09.15"]
[Round "2.6"]
[White "Schlueter, Ulrike"]
[Black "Rempe, Mieke"]
[Result "0-1"]
[WhiteElo "1431"]
[BlackElo "1481"]
[PlyCount "50"]
[EventDate "2019.??.??"]

1. d4 Nf6 2. c4 e6 3. Nc3 Bb4 4. Qc2 d5 5. e3 Nbd7 6. a3 Bxc3+ 7. bxc3 O-O 8.
cxd5 exd5 9. Nf3 c5 10. Bd3 c4 11. Be2 Ne4 12. O-O Nb6 13. Nd2 Bf5 14. f3 Ng3
15. Qd1 Nxf1 16. Nxf1 Qd7 17. Ng3 Na4 18. Bd2 Bg6 19. e4 b5 20. e5 h5 21. f4 h4
22. Nh5 Qf5 23. Bg4 Qd3 24. Be2 Bxh5 25. Bxd3 Bxd1 0-1

[Event "FB22 1920 SV Hemer 1932 - Hamburger SK "]
[Site "?"]
[Date "2019.12.14"]
[Round "3.1"]
[White "Scognamiglio, Stefanie"]
[Black "Cosma, Elena-Luminita"]
[Result "0-1"]
[WhiteElo "2086"]
[BlackElo "2307"]
[PlyCount "88"]
[EventDate "2019.??.??"]
[EventType "team-tourn"]

1. e4 e6 2. d3 d5 3. Nd2 Nf6 4. Ngf3 a5 5. g3 a4 6. Bg2 c5 7. O-O Nc6 8. Re1
Be7 9. e5 Nd7 10. Nf1 b5 11. h4 Nb6 12. N1h2 b4 13. Ng4 h6 14. h5 Bb7 15. c3 a3
16. cxb4 axb2 17. Bxb2 Nxb4 18. a3 Nc6 19. Qc2 Ra4 20. Ne3 O-O 21. Reb1 Qc7 22.
Bc1 Rfa8 23. Qb2 Bd8 24. Nc2 Ba6 25. Qc3 Be7 26. Bf4 Nd7 27. Bf1 Bf8 28. Rb3 c4
29. dxc4 Bxc4 30. Bxc4 Rxc4 31. Qb2 Na5 32. Ne3 Nxb3 33. Qxb3 Rc1+ 34. Rxc1
Qxc1+ 35. Kg2 Qxa3 36. Qc2 Qc5 37. Qb2 Rc8 38. Ng4 Qb4 39. Qe2 Rc4 40. Bd2 Qb1
41. Ne3 Qe4 42. Qd1 Rc8 43. Qa1 Bc5 44. Qa6 Rb8 0-1

[Event "FB22 1920 SV Hemer 1932 - Hamburger SK "]
[Site "?"]
[Date "2019.12.14"]
[Round "3.2"]
[White "Voicu-Jagodzinsky, Carmen"]
[Black "Rogozenco, Ileana"]
[Result "1/2-1/2"]
[WhiteElo "2244"]
[BlackElo "2056"]
[PlyCount "62"]
[EventDate "2019.??.??"]
[EventType "team-tourn"]

1. e4 c5 2. Nc3 Nc6 3. f4 e6 4. Nf3 d5 5. exd5 exd5 6. Bb5 Nf6 7. Bxc6+ bxc6 8.
O-O Be7 9. d3 O-O 10. Ne5 Qc7 11. Qf3 Bd6 12. Bd2 Be6 13. Rae1 a5 14. b3 Rae8
15. Na4 Nd7 16. Nxd7 Bxd7 17. c4 d4 18. g3 Bf5 19. g4 Bd7 20. Kg2 f6 21. h3
Rxe1 22. Rxe1 Ra8 23. f5 Kf7 24. Re4 g6 25. fxg6+ hxg6 26. Bf4 f5 27. Bxd6 Qxd6
28. Nb6 Re8 29. Rxe8 Kxe8 30. Nxd7 Qxd7 31. Qf4 Qe6 1/2-1/2

[Event "FB22 1920 SV Hemer 1932 - Hamburger SK "]
[Site "?"]
[Date "2019.12.14"]
[Round "3.3"]
[White "Wulf, Constanze"]
[Black "Ciolacu, Alessia-Mihaela"]
[Result "1/2-1/2"]
[WhiteElo "1792"]
[BlackElo "2072"]
[PlyCount "56"]
[EventDate "2019.??.??"]
[EventType "team-tourn"]

1. e4 e5 2. Nf3 Nc6 3. Bc4 Nf6 4. Ng5 d5 5. exd5 Na5 6. Bb5+ c6 7. dxc6 bxc6 8.
Bd3 Nd5 9. Nf3 Bd6 10. O-O O-O 11. Re1 Re8 12. Nc3 Bg4 13. Ne4 Bc7 14. h3 Bf5
15. b3 Nf4 16. Bb2 Nxd3 17. cxd3 Qxd3 18. Ng3 f6 19. Nxf5 Qxf5 20. Rc1 e4 21.
Nh2 Bxh2+ 22. Kxh2 Qxf2 23. Rf1 Qb6 24. Qg4 Kf7 25. Qh5+ Kg8 26. Qg4 Kf7 27.
Qh5+ Kg8 28. Qg4 Kf7 1/2-1/2

[Event "FB22 1920 SV Hemer 1932 - Hamburger SK "]
[Site "?"]
[Date "2019.12.14"]
[Round "3.4"]
[White "Dartmann Aubanell, Catriona"]
[Black "Bildat, Emilia"]
[Result "1/2-1/2"]
[WhiteElo "1655"]
[BlackElo "1754"]
[PlyCount "64"]
[EventDate "2019.??.??"]
[EventType "team-tourn"]

1. e4 c5 2. Nf3 g6 3. c3 Bg7 4. d4 cxd4 5. cxd4 d5 6. exd5 Qxd5 7. Nc3 Qd8 8.
h3 Nf6 9. Bc4 O-O 10. O-O b6 11. Qe2 Bb7 12. Be3 e6 13. Rfd1 Nd5 14. Bg5 Nxc3
15. bxc3 Bf6 16. Bxf6 Qxf6 17. Ne5 Qg5 18. Qg4 Qxg4 19. Nxg4 Nd7 20. Bb5 Nb8
21. c4 Ba6 22. Bxa6 Nxa6 23. a4 Nc7 24. Rab1 Rfd8 25. Ne5 f6 26. Nf3 Rab8 27.
Rd2 Kf7 28. Rdb2 Rbc8 29. a5 Ne8 30. axb6 axb6 31. Rb4 Nd6 32. Rxb6 Rxc4
1/2-1/2

[Event "FB22 1920 SV Hemer 1932 - Hamburger SK "]
[Site "?"]
[Date "2019.12.14"]
[Round "3.5"]
[White "Neumann, Ramona"]
[Black "Naumenko, Valerija"]
[Result "0-1"]
[WhiteElo "1692"]
[BlackElo "1630"]
[PlyCount "84"]
[EventDate "2019.??.??"]
[EventType "team-tourn"]

1. e4 e5 2. Nf3 Nc6 3. Bc4 Bc5 4. c3 Nf6 5. d3 a6 6. b4 Ba7 7. O-O h6 8. Be3 d6
9. Bxa7 Rxa7 10. Nbd2 Bg4 11. Qc2 O-O 12. d4 exd4 13. Nxd4 Nxd4 14. cxd4 d5 15.
exd5 Nxd5 16. Bxd5 Qxd5 17. Qc5 Qxc5 18. dxc5 Raa8 19. Nc4 Be6 20. Ne3 Rfd8 21.
a3 Rd3 22. Rfd1 Rad8 23. Rxd3 Rxd3 24. Kf1 Rb3 25. Ke1 a5 26. bxa5 Rb5 27. a6
bxa6 28. Rc1 Rb3 29. Nc2 Rc3 30. Kd2 Rxc5 31. Nb4 Rxc1 32. Kxc1 Bc4 33. Kc2 Kf8
34. Kc3 Bf1 35. g3 Ke7 36. Kd4 Kd6 37. Nc2 c5+ 38. Kc3 Bb5 39. Ne3 Ke5 40. f3
Be2 41. Kd2 Bxf3 42. Kd3 Bd5 0-1

[Event "FB22 1920 SV Hemer 1932 - Hamburger SK "]
[Site "?"]
[Date "2019.12.14"]
[Round "3.6"]
[White "Becker, Linda"]
[Black "Hoefner, Nina"]
[Result "1-0"]
[WhiteElo "1617"]
[BlackElo "1579"]
[PlyCount "67"]
[EventDate "2019.??.??"]
[EventType "team-tourn"]

1. e4 c5 2. c3 d6 3. d4 cxd4 4. cxd4 Nf6 5. Nc3 g6 6. Nf3 Bg7 7. Be2 O-O 8. O-O
e6 9. Bf4 Nc6 10. Rc1 Re8 11. Qd2 d5 12. exd5 Nxd5 13. Bg3 a6 14. Rfd1 Nde7 15.
Ne5 Qa5 16. Nc4 Qd8 17. Ne5 Qa5 18. Nf3 Nf5 19. d5 exd5 20. Nxd5 Nxg3 21. hxg3
Rb8 22. Bc4 Bg4 23. Ne3 Be6 24. Bxe6 Rxe6 25. Qxa5 Nxa5 26. b3 Bh6 27. Rc3 Rbe8
28. Nd5 Rd6 29. Ne7+ Rxe7 30. Rxd6 Re2 31. a3 Bf8 32. Rd5 b6 33. b4 Nb7 34. Rc6
1-0

[Event "FB22 1920 Schachclub Steinfurt 1996 - D"]
[Site "?"]
[Date "2019.12.14"]
[Round "3.1"]
[White "Moenster, Madita"]
[Black "Freitag, Julia"]
[Result "1/2-1/2"]
[WhiteElo "1956"]
[BlackElo "2120"]
[PlyCount "55"]
[EventDate "2019.??.??"]
[EventType "team-tourn"]

1. e4 e6 2. d4 d5 3. Nc3 dxe4 4. Nxe4 Be7 5. Nf3 Nf6 6. Bd3 b6 7. Qe2 Bb7 8.
O-O Nc6 9. c3 h6 10. b4 Nd5 11. Bd2 g5 12. Bb5 a6 13. Bxc6+ Bxc6 14. Ne5 Bb7
15. Qh5 Rh7 16. f4 Nxc3 17. Bxc3 Bxe4 18. Rae1 Qd5 19. Qe2 f6 20. Ng4 Bg6 21.
fxg5 hxg5 22. Rxf6 Bf5 23. Ne3 Qd6 24. Nxf5 Qxh2+ 25. Kf2 Qf4+ 26. Kg1 Qh2+ 27.
Kf2 Qf4+ 28. Kg1 1/2-1/2

[Event "FB22 1920 Schachclub Steinfurt 1996 - D"]
[Site "?"]
[Date "2019.12.14"]
[Round "3.2"]
[White "Miljkovic, Jovana"]
[Black "Wallat, Jessica"]
[Result "1-0"]
[WhiteElo "2021"]
[BlackElo "1670"]
[PlyCount "55"]
[EventDate "2019.??.??"]
[EventType "team-tourn"]

1. Nf3 c5 2. c4 Nc6 3. e3 g6 4. d4 Bg7 5. d5 Ne5 6. Nxe5 Bxe5 7. Bd3 e6 8. O-O
exd5 9. cxd5 Ne7 10. f4 Bg7 11. f5 Bf6 12. Nc3 O-O 13. d6 Nc6 14. Ne4 Be5 15.
Qg4 h5 16. Qf3 b6 17. f6 Bb7 18. g4 Nb4 19. Bb1 hxg4 20. Qxg4 Nd5 21. Qh4 Re8
22. Rf5 c4 23. Bc2 Rc8 24. Bd2 b5 25. Raf1 c3 26. Ng5 Nxf6 27. Rxf6 Bxd6 28.
Qh7+ 1-0

[Event "FB22 1920 Schachclub Steinfurt 1996 - D"]
[Site "?"]
[Date "2019.12.14"]
[Round "3.3"]
[White "Zoellner, Bente"]
[Black "Moeller, Hannah"]
[Result "1/2-1/2"]
[WhiteElo "1630"]
[BlackElo "1832"]
[PlyCount "133"]
[EventDate "2019.??.??"]
[EventType "team-tourn"]

1. d4 Nf6 2. c4 g6 3. Nc3 Bg7 4. Nf3 d6 5. Bg5 h6 6. Bh4 c6 7. e4 Nbd7 8. Be2
O-O 9. b4 e5 10. d5 cxd5 11. cxd5 a6 12. a4 g5 13. Bg3 Nh5 14. Qc2 Ndf6 15. a5
Ng4 16. b5 axb5 17. Nxb5 Rxa5 18. Rxa5 Qxa5+ 19. Qc3 Qxc3+ 20. Nxc3 f5 21. exf5
Bxf5 22. Nd2 Rc8 23. Nde4 Nxg3 24. Nxg3 Rxc3 25. Nxf5 Rc1+ 26. Bd1 Bf8 27. h3
Nf6 28. Kd2 Ra1 29. Ne3 b5 30. Rf1 b4 31. Kd3 Rc1 32. Bc2 Rxf1 33. Nxf1 Be7 34.
Kc4 Bd8 35. Ne3 Bb6 36. Ng4 Kg7 37. Nxf6 Kxf6 38. f3 Bc5 39. g4 e4 40. Bxe4 Ke5
41. Kd3 Kf4 42. Kc4 Kg3 43. Kd3 Kxh3 44. Kc4 Kg3 45. Kd3 Kf4 46. Ke2 Ke5 47.
Kd3 Bd4 48. Kc4 Bc3 49. Kd3 Kf4 50. Kc4 h5 51. gxh5 g4 52. Kd3 gxf3 53. h6 Kg3
54. Ke3 f2 55. Ke2 b3 56. Kf1 Kf4 57. Bd3 Ke3 58. Bg6 b2 59. h7 Kd2 60. Kxf2
Kc1 61. Kf3 b1=Q 62. Bxb1 Kxb1 63. Ke4 Kb2 64. Kf5 Kb3 65. Ke6 Be5 66. h8=Q
Bxh8 67. Kxd6 1/2-1/2

[Event "FB22 1920 Schachclub Steinfurt 1996 - D"]
[Site "?"]
[Date "2019.12.14"]
[Round "3.4"]
[White "Veldhuis, Karina"]
[Black "Wollscheid, Stefanie"]
[Result "1/2-1/2"]
[WhiteElo "1812"]
[BlackElo "1682"]
[PlyCount "105"]
[EventDate "2019.??.??"]
[EventType "team-tourn"]

1. d4 d5 2. Nf3 Nc6 3. e3 a6 4. c3 Nf6 5. Bd3 Bg4 6. h3 Bh5 7. Nbd2 e6 8. O-O
Bd6 9. e4 dxe4 10. Nxe4 Be7 11. Nxf6+ gxf6 12. Be2 Qd6 13. Nh4 Bxe2 14. Qxe2
O-O-O 15. Nf3 Rhg8 16. Qe4 f5 17. Qe2 Bf6 18. b4 Rg7 19. Kh1 Rdg8 20. g3 Qd5
21. Bf4 h5 22. Kh2 h4 23. Rg1 hxg3+ 24. Rxg3 Rxg3 25. fxg3 Ne7 26. c4 Qd8 27.
Rd1 Qf8 28. Ne5 Ng6 29. Nxg6 Rxg6 30. a3 Qg8 31. d5 Bg5 32. Qe5 Bxf4 33. Qxf4
exd5 34. Rxd5 Qh8 35. Qxf5+ Re6 36. Rd2 Qc3 37. Qd3 Qf6 38. Qd7+ Kb8 39. Qd8+
Qxd8 40. Rxd8+ Ka7 41. Rd3 Kb6 42. c5+ Kc6 43. g4 a5 44. h4 axb4 45. axb4 Re4
46. Kg3 Rxb4 47. Rc3 Kd5 48. h5 Ke5 49. Rf3 f6 50. h6 Ra4 51. Rf5+ Ke6 52. Kh4
Kf7 53. Rh5 1/2-1/2

[Event "FB22 1920 Schachclub Steinfurt 1996 - D"]
[Site "?"]
[Date "2019.12.14"]
[Round "3.5"]
[White "Wilmink, Anna"]
[Black "Schmitz, Carolin"]
[Result "0-1"]
[WhiteElo "1569"]
[BlackElo "1758"]
[PlyCount "136"]
[EventDate "2019.??.??"]
[EventType "team-tourn"]

1. e4 e5 2. Nf3 Nc6 3. d4 exd4 4. Nxd4 Bc5 5. Be3 Qf6 6. c3 a6 7. Be2 Nge7 8.
O-O Qg6 9. Nd2 O-O 10. a3 d5 11. exd5 Nxd5 12. Bh5 Nxe3 13. fxe3 Qh6 14. Re1
Ne7 15. Bf3 Rb8 16. Ne4 Ba7 17. Ng3 Bd7 18. Qe2 Bc6 19. Kh1 Rfe8 20. Qf2 Bxf3
21. Qxf3 c5 22. Nde2 Qc6 23. e4 Ng6 24. Nf4 Nxf4 25. Qxf4 Rbd8 26. Rad1 Rxd1
27. Rxd1 Bb8 28. Qf3 Bxg3 29. hxg3 Kf8 30. Rf1 Re7 31. Rd1 Rxe4 32. Rd8+ Ke7
33. Rd1 Qh6+ 34. Kg1 Qe3+ 35. Kf1 Ke8 36. Qxe3 Rxe3 37. Kf2 Re5 38. Rh1 h6 39.
Rd1 Ke7 40. Rd3 Ke6 41. Rd8 Rd5 42. Re8+ Kd7 43. Re2 Kc6 44. Re7 Rd7 45. Re2 a5
46. Ke1 b5 47. Re4 Kd6 48. Kd2 Kd5 49. Rf4 g5 50. Rf3 f5 51. Ke2 Re7+ 52. Kd2
Re5 53. b3 c4 54. b4 axb4 55. axb4 Ke6 56. Rf1 Kf6 57. Rf2 Kg6 58. Rf1 Kh5 59.
Rh1+ Kg4 60. Rxh6 Kxg3 61. Rh5 g4 62. Rh1 Kxg2 63. Re1 Rxe1 64. Kxe1 f4 65. Ke2
f3+ 66. Ke3 f2 67. Kd4 f1=Q 68. Kc5 Qf5+ 0-1

[Event "FB22 1920 Schachclub Steinfurt 1996 - D"]
[Site "?"]
[Date "2019.12.14"]
[Round "3.6"]
[White "Raus, Christina"]
[Black "Koenig, Emmilie"]
[Result "1/2-1/2"]
[WhiteElo "1596"]
[BlackElo "1517"]
[PlyCount "68"]
[EventDate "2019.??.??"]
[EventType "team-tourn"]

1. d4 Nf6 2. c4 e6 3. Nc3 a6 4. Bg5 Be7 5. Nf3 h6 6. Bxf6 Bxf6 7. e3 Nc6 8. Rc1
O-O 9. Bd3 Re8 10. O-O d6 11. Bb1 e5 12. dxe5 Nxe5 13. Nxe5 Bxe5 14. Qd3 g6 15.
b3 c6 16. Rfd1 Bg4 17. f3 Bf5 18. e4 Be6 19. Qd2 g5 20. Qf2 Qf6 21. Ne2 Rad8
22. Rc2 h5 23. Rcd2 Bc8 24. Ng3 Bxg3 25. Qxg3 h4 26. Qf2 Re6 27. Qd4 Qf4 28. h3
Qg3 29. Qf2 Qf4 30. Qb6 Qf6 31. Qd4 Qf4 32. Qd3 Rh6 33. Qd4 Qg3 34. Qf2 Qf4
1/2-1/2